FUKOUNA GIRL - STOMACHBOOK - Statistics

General Stats
  • This quiz has been taken 48 times
  • The average score is 255 of 327
Answer Stats
Answer % Correct
a
97%
i
97%
(i
97%
fuokuna girl
94%
girl
94%
girl,
94%
the
94%
THE-
94%
THE
94%
who
94%
can
90%
fukouna
90%
if
90%
in
90%
my
90%
see
90%
what
90%
you
90%
an
87%
and
87%
cause
87%
flay
87%
for
87%
for-
87%
her
87%
her?
87%
inside
87%
let
87%
lets
87%
me
87%
me,
87%
never
87%
to
87%
wanna
87%
whats
87%
die
84%
DIE!
84%
girls
84%
goodbye
84%
pretty
84%
say
84%
should
84%
sucking
84%
worms
84%
ah ah
81%
ah ah ah
81%
deserve
81%
devotees
81%
EVERYBODY
81%
kill
81%
know
81%
own
81%
then
81%
words
81%
your
81%
all
77%
ALL
77%
angels
77%
ANGELS
77%
be
77%
blackbird
77%
blood
77%
cheering
77%
dont
77%
down
77%
DOWN
77%
laughing
77%
LAUGHING
77%
scum
77%
we
77%
where
77%
arteries
74%
cant
74%
facts
74%
hole
74%
no
74%
THAT
74%
that
74%
were
74%
digging
71%
hate
71%
im
71%
IM
71%
is
71%
shake
71%
tail
71%
they
71%
world
71%
because
68%
bodies
68%
but
68%
KNOWS
68%
lightning
68%
our
68%
save
68%
til
68%
with
68%
bolts
65%
everybody's
65%
same
65%
she
65%
sing
65%
song
65%
they're
65%
wont
65%
cure
61%
now
61%
on
61%
some
61%
unlucky
61%
up
61%
will
61%
as
58%
brother
58%
confession
58%
dresses
58%
making
58%
mouth
58%
new
58%
sister
58%
there
58%
yourself!)
58%
bound
55%
dance
55%
fences
55%
hope
55%
learn
55%
maybe
55%
our lesson
55%
shes
55%
weapon
55%
am
52%
consequences
52%
disease
52%
harmony
52%
has
52%
hello
52%
saliva
52%
answering
48%
bones
48%
head
48%
kissing
48%
steel
48%
this
48%
watch
45%
darling
42%
stained
42%
transgressions
42%
escape,
39%
facist
35%
even
23%
thinking
3%
No matching quizzes found
Score Distribution
Percent of People with Each Score
Percentile by Number Answered
Your Score History
You have not taken this quiz